| 000 | 00465nam a22001697a 4500 | ||
|---|---|---|---|
| 003 | NUST - PNEC | ||
| 005 | 20170116181135.0 | ||
| 008 | 151007b xxu||||| |||| 00| 0 eng d | ||
| 020 | _a9812530150 | ||
| 040 | _cLIBRARY | ||
| 082 | _a658.4033 JOH | ||
| 100 |
_914196 _aJohnson, Richard A. |
||
| 245 |
_aBusiness statistics : decision making with data _cRichard A. Johnson |
||
| 260 | _cc.2003 | ||
| 650 |
_914199 _aStatistical decision _xMIS |
||
| 942 |
_2ddc _cBK |
||
| 999 |
_c70164 _d70164 |
||